000
00338pab a2200157 454500
008
180718b2009 xxu||||| |||| 00| 0 eng d
100
_a
Sinha, Shantha
245
_a
Deficit childhoods
260
_c
2009
300
_a
p.48-57.
362
_a
Autumn
650
_a
Childhood
773
_a
IIC Quarterly
908
_a
N
909
_a
84536
999
_c
84536
_d
84536